Normale Ansicht MARC-Ansicht ISBD

Mehr Zeit mit der Familie (Titelsatznr. 80245)

[ MARC ]
MARC-Details
000 -Satzkennung
Kontrollfeld mit fester Länge 00690nam a22001457a 4500
008 - Feld mit fester Länge zur physischen Beschreibung - Allgemeine Angaben
Kontrollfeld mit fester Länge 201130b ||||| |||| 00| 0 eng d
040 ## - Katalogisierungsquelle
Katalogisierungssprache ger
Übertragungsstelle STAFF
Beschreibungsfestlegungen rda
Original-Katalogisierungsstelle STAFF
100 ## - Person oder Familie als 1. geistiger Schöpfer
Personenname Winkler, Bettina
245 ## - Titel
Haupttitel Mehr Zeit mit der Familie
Titelzusatz Adventsserie: Christina Krüger ist seit 30 Jahren Händlerin. Zum ersten Mal kann sie Adventssonntage besinnlich genießen. Grund dafür ist Corona und die damit verbundenen Beschränkungen.
Verantwortlichkeitsangabe Bettina Winkler
773 ## - Übergeordnete Einheit
Ort, Verlag und Erscheinungsjahr Frankfurt (Oder): Märkisches Verlags- und Druckhaus GmbH & Co KG
Verknüpfungsangaben 31. Jahrgang (2020) Nr. 278 vom 28/29.11.2020, S. 20
Titel Märkische Oderzeitung
942 ## - Zusätzliche Felder (Koha)
Koha-Medientyp Aufsätze
Exemplare
Ausgeschieden Verloren Beschädigt Nicht entleihbar Permanenter Standort Aktueller Standort Eingabedatum Anzahl Ausleihen Signatur Letzte Aktivität Preis gültig von Medientyp
        Stadtarchiv Frankfurt (Oder) | Archivbibliothek Stadtarchiv Frankfurt (Oder) | Archivbibliothek 02/12/2020   Z2 02/12/2020 02/12/2020 Aufsätze